[Event "Chigorin CC"]
[Site "St Petersburg RUS"]
[Date "2005.05.20"]
[Round "5"]
[White "Frolochkin,V"]
[Black "Matrosov,V"]
[Result "0-1"]
[WhiteElo "2208"]
[BlackElo "2029"]

1.e4 e6 2.d4 d5 3.Nc3 Nf6 4.e5 Nfd7 5.f4 c5 6.Nf3 Nc6 7.Be3 a6 8.Qd2 cxd4
9.Nxd4 Nxd4 10.Bxd4 Bc5 11.O-O-O Bxd4 12.Qxd4 Qb6 13.Qd2 Nc5 14.h4 Bd7 15.h5 O-O-O
16.h6 g6 17.Qd4 Kb8 18.Kb1 Rc8 19.Bd3 Rc6 20.g4 Rhc8 21.f5 Nxd3 22.Qxb6 Rxb6
23.Rxd3 exf5 24.Nxd5 Re6 25.Re1 Bb5 26.Rde3 fxg4 27.Nf6 Rec6 28.c3 Rc4 29.Ne4 Rxe4
30.Rxe4 Bd3+ 31.Kc1 Bxe4 32.Rxe4 Re8 33.Kd2 f6 34.e6 f5 35.Re5 Kc7 36.c4 Kd6  0-1

[Event "TCh-ROM A"]
[Site "Tusnad ROM"]
[Date "2005.05.26"]
[Round "6"]
[White "Dumitrescu,D"]
[Black "Foisor,O"]
[Result "0-1"]
[WhiteElo "2353"]
[BlackElo "2358"]

1.d4 e6 2.e4 d5 3.Nc3 Nf6 4.e5 Nfd7 5.Nf3 c5 6.dxc5 Nc6 7.Bf4 Bxc5 8.Bd3 f6
9.exf6 Nxf6 10.O-O O-O 11.Ne5 Bd7 12.Nxc6 Bxc6 13.Be5 Qe7 14.Qe2 Nd7 15.Rae1 Nxe5
16.Qxe5 Rf6 17.h3 Raf8 18.Re2 a6 19.Rd2 Bd6 20.Qe1 Rh6 21.Be2 Rf4 22.Qd1 Qg5
23.Rd3 d4 24.Rg3 Qe5  0-1

[Event "PanAmY U18B"]
[Site "Balneario Camboriu BRA"]
[Date "2005.06.11"]
[Round "1"]
[White "Latorre,Mat"]
[Black "Cordova,Em"]
[Result "0-1"]
[WhiteElo "1949"]
[BlackElo "2384"]

1.e4 e6 2.d4 d5 3.Nc3 Nf6 4.e5 Nfd7 5.f4 c5 6.Nf3 Nc6 7.Be3 a6 8.Qd2 b5 9.Be2 Qb6
10.Nd1 cxd4 11.Nxd4 Bc5 12.c3 g5 13.g3 Bb7 14.b4 Bxd4 15.Bxd4 Nxd4 16.Qxd4 Rc8
17.Nf2 gxf4 18.gxf4 Rg8 19.Rd1 Qd8 20.Kd2 Nb8 21.Rhg1 Rg6 22.Bd3 Nc6 23.Qe3 d4
24.cxd4 Nxd4 25.Rxg6 hxg6 26.Qh3 Qc7 27.Bxg6 Nf3+ 28.Ke2 Qc4+ 29.Rd3 Ng1+  0-1

[Event "Open"]
[Site "Voronezh RUS"]
[Date "2005.06.12"]
[Round "1"]
[White "Morev,I"]
[Black "Chuprikov,D"]
[Result "0-1"]
[WhiteElo "2157"]
[BlackElo "2416"]

1.e4 e6 2.d4 d5 3.Nc3 Nf6 4.e5 Nfd7 5.f4 c5 6.Nf3 Nc6 7.Be3 a6 8.Qd2 b5 9.dxc5 Bxc5
10.Bxc5 Nxc5 11.Qf2 Qb6 12.Bd3 b4 13.Ne2 a5 14.O-O Ba6 15.Kh1 Ne7 16.Rad1 h6
17.Nfd4 O-O 18.f5 Bxd3 19.cxd3 exf5 20.Nxf5 Nxf5 21.Qxf5 Ne6 22.d4 Rac8 23.Qd3 Rc4
24.b3 Rc7 25.Rc1 Rfc8 26.Rxc7 Rxc7 27.h3 Qc6 28.Rc1 Qd7 29.Ra1 Qe7 30.Qd2 Qh4
31.Qd3 Qf2 32.a3 bxa3 33.Rxa3 Nf4 34.Nxf4 Rc1+ 35.Kh2 Qxf4+ 36.g3  0-1

[Event "Open"]
[Site "Voronezh RUS"]
[Date "2005.06.13"]
[Round "2"]
[White "Geller,J"]
[Black "Manelis,V"]
[Result "1-0"]
[WhiteElo "2496"]
[BlackElo "2309"]

1.e4 e6 2.d4 d5 3.Nc3 Nf6 4.e5 Nfd7 5.f4 c5 6.Nf3 Nc6 7.Be3 a6 8.Qd2 b5 9.Be2 Qb6
10.Nd1 cxd4 11.Nxd4 Bc5 12.c3 Bxd4 13.Bxd4 Nxd4 14.cxd4 Bb7 15.Ne3 O-O 16.O-O Rac8
17.Rf2 f5 18.g4 g6 19.h4 Rf7 20.h5 Nf8 21.Rg2 Kh8 22.Rf1 Rcc7 23.g5 Kg8 24.Rh2 b4
25.Kf2 a5 26.Rfh1 Rg7 27.Kg3 Ba6 28.Bf3 Qb5 29.hxg6 Nxg6 30.Be2 Qb6 31.Bh5 Nf8
32.Bf3 Qb5 33.Rh6 a4 34.Rf6 a3 35.Rc1 Rge7 36.bxa3 bxa3 37.Rxc7 Rxc7 38.Qh2 Rg7
39.Qh6 Qb1 40.Qh2 Qe1+ 41.Qf2 Qxf2+ 42.Kxf2 Bb7 43.Nc2 Bc6 44.Ke3 Rb7 45.Nxa3 Rb2
46.Nc4 Rxa2 47.Nd6 Ra3+ 48.Kf2 Ba8 49.Bh5 Rd3 50.Bf7+ Kg7 51.Bxe6 Nxe6 52.Nxf5+  1-0

[Event "PanAmY U18B"]
[Site "Balneario Camboriu BRA"]
[Date "2005.06.14"]
[Round "5"]
[White "Fier,A"]
[Black "Cordova,Em"]
[Result "1-0"]
[WhiteElo "2462"]
[BlackElo "2384"]

1.e4 e6 2.d4 d5 3.Nc3 Nf6 4.e5 Nfd7 5.f4 c5 6.Nf3 Nc6 7.Be3 a6 8.Qd2 b5 9.a3 Bb7
10.Bd3 Qb6 11.Qf2 cxd4 12.Nxd4 Nxd4 13.Bxd4 Bc5 14.Ne2 Bxd4 15.Nxd4 Nc5 16.O-O O-O
17.Rad1 Ne4 18.Bxe4 dxe4 19.Qe3 f6 20.Nf5 Qc7 21.Nd6 Bd5 22.c3 Qc6 23.Rfe1 f5
24.h4 a5 25.Kf2 Bb3 26.Rd4 Qb6 27.Rxe4 Qd8 28.Rd4 Qxh4+ 29.Qg3 Qxg3+ 30.Kxg3 Rab8
31.Kh4 g6 32.g4 fxg4 33.Ne4 Bd5 34.Nf6+ Rxf6 35.exf6 h5 36.a4 Kf7 37.axb5 Kxf6
38.c4 Bf3 39.Re5 Rb6 40.Rc5 Rb8 41.Rd7 a4 42.Re5 Rb6 43.Rd3 Bh1 44.Kg3 Ke7
45.Rde3 Kf7 46.Re2 Bf3 47.Rd2 Ke7 48.Rc5 Rb7 49.Rc8 e5 50.fxe5 Ke6 51.Rg8 Kf5
52.Kh4 Be4 53.Re2 Bd3 54.Rf8+ Ke6 55.Rf6+ Ke7 56.Rd2 Bxc4 57.b6 Be6 58.Rd6 Bf5
59.Rc6 Be4 60.Rc4 Bf5 61.Rxa4 Bd7 62.Ra7 g5+ 63.Kxg5 Rb8 64.e6  1-0

[Event "Open"]
[Site "Voronezh RUS"]
[Date "2005.06.15"]
[Round "4"]
[White "Sharma,D"]
[Black "Kiselev,Vi2"]
[Result "1/2-1/2"]
[WhiteElo "2381"]
[BlackElo "2250"]

1.e4 e6 2.d4 d5 3.Nc3 Nf6 4.e5 Nfd7 5.f4 c5 6.Nf3 Nc6 7.Be3 a6 8.Qd2 b5 9.dxc5 Bxc5
10.Bxc5 Nxc5 11.Qf2 Qb6 12.Bd3 b4 13.Ne2 a5 14.O-O g6 15.Kh1 Ba6 16.Rad1 Na4
17.Qxb6 Nxb6 18.b3 Ke7 19.Ned4 Nxd4 20.Nxd4 h5 21.Kg1 Rhc8 22.Kf2 Nd7 23.Ke3 Nc5
24.Ra1 a4 25.Rfb1 Kd7 26.g3 Ra7 27.Rd1 Ke7 28.Rdb1  1/2-1/2

[Event "PanAmY U18B"]
[Site "Balneario Camboriu BRA"]
[Date "2005.06.17"]
[Round "9"]
[White "Fier,A"]
[Black "Schneider,Ig"]
[Result "1-0"]
[WhiteElo "2462"]
[BlackElo "2322"]

1.e4 e6 2.d4 d5 3.Nc3 Nf6 4.e5 Nfd7 5.f4 c5 6.Nf3 a6 7.Be3 Qb6 8.a3 Nc6 9.Be2 Qa7
10.Bf2 b5 11.O-O cxd4 12.b4 Qc7 13.Nxd4 Nxd4 14.Bxd4 Be7 15.Bd3 Bb7 16.f5 O-O-O
17.fxe6 Nxe5 18.Qe2 Bf6 19.Rxf6 gxf6 20.exf7 Qxf7 21.a4 Nxd3 22.Qxd3 bxa4
23.b5 Rhe8 24.Nxa4 Qg6 25.bxa6 Bc6 26.Qc3 Kd7 27.Nc5+ Kd6 28.Rf1 f5 29.Nd3 Rc8
30.Nf4 Qh6 31.Qc5+ Kd7 32.Nxd5 Bxd5 33.Qxd5+ Qd6 34.Qxf5+ Kc6 35.Qd3 Rf8
36.Rb1 Rb8 37.Ra1 Rb4 38.Qc3+ Kb5 39.Be3 Ra8 40.a7  1-0

[Event "White Nights"]
[Site "St Petersburg RUS"]
[Date "2005.06.19"]
[Round "2"]
[White "Vitiugov,N"]
[Black "Lintchevski,D"]
[Result "1/2-1/2"]
[WhiteElo "2482"]
[BlackElo "2269"]

1.e4 e6 2.d4 d5 3.Nc3 Nf6 4.e5 Nfd7 5.f4 c5 6.Nf3 Nc6 7.Be3 a6 8.Qd2 b5 9.dxc5 Bxc5
10.Bxc5 Nxc5 11.b4 Ne4 12.Nxe4 dxe4 13.Qxd8+ Kxd8 14.Ng5 Nxb4 15.Rb1 Nxc2+
16.Kd2 Na3 17.Rb3 Nc4+ 18.Bxc4 bxc4 19.Rb4 Ke7 20.Nxe4 Bd7 21.Rb7 Rhb8 22.Rhb1 Rxb7
23.Rxb7 Rc8 24.Kc3 f6 25.exf6+ gxf6 26.Nxf6 Kxf6 27.Rxd7 h5 28.g3 Rc5 29.a4 Ra5
30.Kb4 Rd5 31.Rh7 Kg6 32.Ra7 Rd2 33.Rxa6 Kf6 34.Rc6 Rb2+ 35.Kxc4 Rxh2 36.Kb4 Rb2+
37.Ka3 Rf2 38.a5 Rf3+ 39.Kb4 Rxg3 40.a6 Kf5 41.Rc8 Rg7 42.Rf8+ Ke4 43.Kc5 h4
44.Kb6 Rg1 45.a7 Ra1 46.Rh8 h3 47.Rxh3 Rb1+ 48.Kc5 Ra1 49.Kb6 Rb1+ 50.Ka6 Ra1+
51.Kb7 Rb1+ 52.Kc8 Ra1 53.Rh7 Kxf4 54.Kb8 e5 55.Rf7+ Ke3 56.a8=B Rxa8+ 57.Kxa8 e4
58.Kb7 Kd2 59.Rd7+ Kc3 60.Re7 Kd3 61.Rxe4 Kxe4  1/2-1/2

[Event "Open"]
[Site "Voronezh RUS"]
[Date "2005.06.19"]
[Round "7"]
[White "Salinnikov,D"]
[Black "Airapetian,G"]
[Result "0-1"]
[WhiteElo "2401"]
[BlackElo "2179"]

1.e4 e6 2.d4 d5 3.Nc3 Nf6 4.e5 Nfd7 5.f4 c5 6.Nf3 Nc6 7.Be3 a6 8.Qd2 b5 9.dxc5 Bxc5
10.Bxc5 Nxc5 11.Bd3 Qb6 12.Qf2 b4 13.Ne2 a5 14.O-O Ba6 15.Kh1 Ne7 16.b3 h6
17.Bxa6 Rxa6 18.a3 bxa3 19.Rxa3 O-O 20.Rfa1 Rc8 21.h3 Nc6 22.f5 exf5 23.Nh4 Ne4
24.Qxb6 Rxb6 25.Nxf5 Re8 26.Ned4  0-1

[Event "White Nights"]
[Site "St Petersburg RUS"]
[Date "2005.06.20"]
[Round "3"]
[White "Mukhlisov,V"]
[Black "Rodkin,F"]
[Result "0-1"]
[WhiteElo "2015"]
[BlackElo "2198"]

1.e4 e6 2.d4 d5 3.Nc3 Nf6 4.e5 Nfd7 5.f4 c5 6.Nce2 cxd4 7.Nxd4 Nc6 8.c3 Bc5
9.Ngf3 Qe7 10.Bd3 Nxd4 11.cxd4 Bxd4 12.Nxd4 Qb4+ 13.Bd2 Qxd4 14.Qe2 Nc5 15.Bb5+ Bd7
16.Bxd7+ Nxd7 17.O-O-O O-O 18.Rhf1 Rac8+ 19.Bc3 Qc4 20.Qxc4 Rxc4 21.Rd4 Rfc8
22.Kd2 f6 23.exf6 Nxf6 24.Rxc4 Rxc4 25.Kd3 Ne4 26.Bd4 Nc5+ 27.Bxc5 Rxc5 28.Re1 Kf7
29.b3 h5 30.Re5 g6 31.g3 Rc6 32.Re2 Kf6 33.Kd4 Rc1 34.Kd3 b6 35.Kd2 Rg1 36.Ke3 Ke7
37.Rc2 Kd7 38.Kf2 Rh1 39.Ke3 Re1+ 40.Kd3 Re4 41.Rc1 h4 42.Rf1 h3 43.Rf3 Re1
44.g4 Rg1 45.g5 Rg2 46.Rxh3 Rxa2 47.Rh7+ Kd6 48.Rh6 Rb2 49.Rxg6 Rxb3+ 50.Ke2 Rb2+
51.Ke3 Rxh2 52.f5 Rh3+ 53.Kd2 Ke5 54.fxe6 Rh7 55.Rh6 Rg7 56.Kd3 Rxg5 57.e7 Rg3+
58.Kd2 Rg8 59.Kd3 Re8 60.Rh7 Ke6 61.Rh6+ Kd7 62.Kd4 Rxe7 63.Kxd5 Kc7 64.Kc4 Kb7
65.Kb4 Re4+ 66.Kb3 Ka6 67.Rh7 b5 68.Rh6+ Ka5 69.Rg6 Re3+ 70.Kb2 b4 71.Rg7 a6
72.Rb7 Ka4 73.Rb6 a5  0-1

[Event "Open"]
[Site "Voronezh RUS"]
[Date "2005.06.20"]
[Round "8"]
[White "Salinnikov,D"]
[Black "Manelis,V"]
[Result "0-1"]
[WhiteElo "2401"]
[BlackElo "2309"]

1.e4 e6 2.d4 d5 3.Nc3 Nf6 4.e5 Nfd7 5.f4 c5 6.Nf3 Nc6 7.Be3 a6 8.Qd2 b5 9.dxc5 Bxc5
10.Bxc5 Nxc5 11.Qf2 Qb6 12.Bd3 b4 13.Ne2 a5 14.O-O Ba6 15.Kh1 h6 16.f5 exf5
17.Nh4 Ne7 18.Nxf5 Nxf5 19.Qxf5 Qe6 20.Qf2 Nxd3 21.cxd3 O-O 22.Nf4 Qxe5 23.Rae1 Qf5
24.Qg3 Rfe8 25.Ne6 Qg6 26.Qxg6 fxg6 27.Nc5 Rec8 28.Rc1 Bb5 29.Rfe1 d4 30.Re4 Rd8
31.Re5 Re8 32.Rce1 Rxe5 33.Rxe5 Rf8 34.Kg1 Rf5 35.Rxf5 gxf5 36.Nb3 a4 37.Nxd4 Bxd3
38.Nc6 a3 39.b3 Be4 40.Nxb4 Kf7 41.Kf2 Ke6 42.g3 Bb1 43.Ke3 g5 44.Nc6 Kd5
45.Nb4+ Kd6 46.h3 h5 47.Kd4 f4 48.gxf4 gxf4 49.h4 Ke6 50.Nd5 f3 51.Nf4+ Kf5
52.Nxh5 Bxa2 53.Kc3 Bb1 54.Ng3+ Kg4 55.Nf1 f2 56.Nd2 Kf4 57.b4 a2 58.Kb2 Bd3  0-1

[Event "Friendship IM"]
[Site "Cartak CZE"]
[Date "2005.06.21"]
[Round "5"]
[White "Malinovsky,K"]
[Black "Obsivac,J"]
[Result "1/2-1/2"]
[WhiteElo "2316"]
[BlackElo "2334"]

1.e4 e6 2.d4 d5 3.Nc3 Nf6 4.e5 Nfd7 5.f4 c5 6.Nf3 Nc6 7.Be3 a6 8.Qd2 b5 9.dxc5 Bxc5
10.Bxc5 Nxc5 11.Qf2 Qb6 12.Bd3 Nd7 13.Qxb6 Nxb6 14.b3 Ke7 15.Kf2 Bd7 16.Ne2 Nb4
17.a3 Nc6 18.Nfd4 Rhc8 19.Nxc6+ Bxc6 20.Nd4 Nd7 21.Rhe1 Nc5 22.g4 h6 23.f5 Bb7
24.Ke3 Rg8 25.Re2 Ne4 26.Rf1 Rac8 27.fxe6 fxe6 28.Bxe4 dxe4 29.Ref2 Bd5 30.Rf7+ Ke8
31.Kd2 Rd8 32.Ra7 Rf8 33.Rxf8+ Kxf8 34.Ke3 Rc8 35.Rxa6 Rc3+ 36.Kf2 Kf7 37.Ra7+ Kg6
38.h4 Rh3 39.Re7 Rxh4 40.Kg3 Rh1 41.Nxe6  1/2-1/2

[Event "White Nights"]
[Site "St Petersburg RUS"]
[Date "2005.06.25"]
[Round "8"]
[White "Frolochkin,V"]
[Black "Vunder,A"]
[Result "0-1"]
[WhiteElo "2208"]
[BlackElo "2288"]

1.e4 e6 2.d4 d5 3.Nc3 Nf6 4.e5 Nfd7 5.f4 c5 6.Nf3 Nc6 7.Be3 a6 8.Qd2 b5 9.Be2 Bb7
10.Nd1 b4 11.O-O Be7 12.Nf2 O-O 13.Nd3 Qa5 14.h4 cxd4 15.Nxd4 Nxd4 16.Bxd4 Nc5
17.f5 exf5 18.Nxc5 Bxc5 19.Rxf5 Rac8 20.Rf4 Qc7 21.Raf1 a5 22.c3 bxc3 23.Qxc3 Bxd4+
24.Qxd4 Rce8 25.Bf3 Rxe5 26.Rd1 Rfe8 27.Qd2 h6 28.Rd4 Qb6 29.Kh1 Bc6 30.b3 Qd8
31.g3 Re3 32.Kg2 Bb7 33.Kf2 Qe7 34.Kg2 Ba6 35.Qf2 Be2  0-1

[Event "2nd RUS Pupils Summer Girls"]
[Site "Satka RUS"]
[Date "2005.06.28"]
[Round "2"]
[White "Girya,O"]
[Black "Cherepovskaya,M"]
[Result "1-0"]
[WhiteElo "2103"]
[BlackElo "2075"]

1.e4 e6 2.d4 d5 3.Nc3 Nf6 4.e5 Nfd7 5.f4 c5 6.Nf3 Nc6 7.Be3 a6 8.Qd2 b5 9.Bd3 b4
10.Nd1 c4 11.Be2 a5 12.O-O Be7 13.Nf2 O-O 14.Nh1 f5 15.exf6 Nxf6 16.Ng3 Bd7
17.Ne5 Rc8 18.c3 Qc7 19.Rae1 bxc3 20.bxc3 Rb8 21.f5 Ba3 22.fxe6 Rb2 23.Qd1 Bxe6
24.Qa4 Nxe5 25.Qxa3 Rxe2 26.Rxe2 Nd3 27.Bg5 Bd7 28.Nh5 Qd8 29.Bxf6 gxf6 30.Qe7  1-0

[Event "20th North Sea Cup"]
[Site "Esbjerg DEN"]
[Date "2005.07.03"]
[Round "2"]
[White "Lindfeldt,J"]
[Black "Nilsson,Jon"]
[Result "1-0"]
[WhiteElo "2293"]
[BlackElo "1958"]

1.e4 e6 2.d4 d5 3.Nc3 Nf6 4.e5 Nfd7 5.f4 c5 6.Nf3 Nc6 7.Be3 a6 8.Qd2 cxd4
9.Nxd4 Nxd4 10.Bxd4 Bc5 11.Qf2 Bxd4 12.Qxd4 Qb6 13.Qxb6 Nxb6 14.a4 Bd7 15.a5 Nc4
16.Bxc4 dxc4 17.Ne4 Bc6 18.Nd6+ Ke7 19.O-O-O g6 20.Rhg1 Bd5 21.Rd4 Rac8 22.Nxc8+ Rxc8
23.g4 Rc5 24.Rg3 Rxa5 25.Ra3 Rc5 26.Rh3 b5 27.Rxh7 b4 28.Rh8 a5 29.Rb8 b3
30.Kd2 a4 31.Kc3 Ra5 32.cxb3 axb3 33.Rd1 Bf3 34.Rdd8 Be2 35.Rd6 Ra1 36.Rbd8 Ra7
37.g5 Rc7 38.h4 Bh5 39.Rh8 Be2 40.Rdd8  1-0

[Event "ch-SWE"]
[Site "Goeteborg SWE"]
[Date "2005.07.05"]
[Round "4"]
[White "Ong,Kez"]
[Black "Lindberg,Bo"]
[Result "0-1"]
[WhiteElo "2371"]
[BlackElo "2359"]

1.e4 e6 2.d4 d5 3.Nc3 Nf6 4.e5 Nfd7 5.f4 c5 6.Nf3 Nc6 7.Be3 a6 8.Qd2 b5 9.dxc5 Bxc5
10.Bxc5 Nxc5 11.Qf2 Qb6 12.Bd3 b4 13.Ne2 a5 14.O-O Rb8 15.Kh1 b3 16.a3 bxc2
17.Bxc2 Ba6 18.Ng5 Nb3 19.Qf3 Bxe2 20.Qxe2 Ncd4 21.Qh5 g6 22.Qh6 Nxc2 23.Qg7 Rf8
24.Nxh7 Qc5 25.Rab1 Kd7 26.Nxf8+ Qxf8 27.Qxf8 Rxf8 28.Rf2 Ne3 29.Re1 d4 30.g3 Kc6
31.h4 Kd5 32.Rfe2 Ke4 33.Kh2 Rc8 34.Kh3 Rc1 35.Rxc1 Nxc1 36.Re1 Nb3 37.h5 gxh5
38.Kh4 d3 39.Kxh5 d2 40.Rg1 d1=Q+  0-1

[Event "Australian Junior Masters"]
[Site "Sydney AUS"]
[Date "2005.07.05"]
[Round "4"]
[White "Ikeda,J"]
[Black "Wongwichit,P"]
[Result "1-0"]
[WhiteElo "1999"]
[BlackElo "2030"]

1.e4 e6 2.d4 d5 3.Nc3 Nf6 4.e5 Nfd7 5.f4 c5 6.Nf3 Nc6 7.Be3 b6 8.Bd3 Bb7
9.O-O a6 10.f5 cxd4 11.fxe6 dxe3 12.exf7+ Ke7 13.Nxd5+ Ke6 14.Bf5+ Kxf7 15.Bxd7 Qxd7
16.e6+ Kxe6 17.Ng5+ Kd6 18.Nxb6+  1-0

[Event "2nd S Wales Int"]
[Site "Caerleon WLS"]
[Date "2005.07.10"]
[Round "2"]
[White "Radovanovic,J"]
[Black "Broomfield,M"]
[Result "1/2-1/2"]
[WhiteElo "2357"]
[BlackElo "2288"]

1.e4 e6 2.d4 d5 3.Nc3 Nf6 4.e5 Nfd7 5.f4 c5 6.Nf3 Nc6 7.Be3 a6 8.Qd2 cxd4
9.Nxd4 Bc5 10.O-O-O O-O 11.Kb1 Bxd4 12.Bxd4 b5 13.h4 b4 14.Na4 a5 15.h5 Nxd4
16.Qxd4 Ba6 17.h6 g6 18.Bxa6 Rxa6 19.c4 bxc3 20.Qxc3 Qb8 21.Rc1 Qb5 22.Qd4 Nb6
23.Nxb6 Rxb6 24.Rc5 Qb4 25.Qxb4 Rxb4 26.g3 a4 27.Rf1 Re4 28.Rf3 g5 29.Rc7 Re1+
30.Kc2 gxf4 31.gxf4 Rh1 32.Rg3+ Kh8 33.Rg7 Rxh6 34.Rgxf7 Rxf7 35.Rxf7 Rh2+
36.Kc3 Rf2  1/2-1/2

[Event "DMP 1st League"]
[Site "Koszalin POL"]
[Date "2005.07.10"]
[Round "7"]
[White "Motyka,M"]
[Black "Bobula,M"]
[Result "1/2-1/2"]
[WhiteElo "2140"]
[BlackElo "2164"]

1.e4 e6 2.d4 d5 3.Nc3 Nf6 4.e5 Nfd7 5.f4 c5 6.Nf3 Nc6 7.Be3 cxd4 8.Nxd4 Bc5
9.Na4 Qa5+ 10.c3 Bxd4 11.Bxd4 Nxd4 12.Qxd4 a6 13.Bd3 b5 14.Nc5 Qc7 15.Nxd7 Bxd7
16.O-O g6 17.Kh1 Qa7 18.Rad1 h5 19.Bb1 Qxd4 20.cxd4 b4 21.Rc1 Bb5 22.Rfe1 Kd7
23.Rc5 Rhc8 24.Rec1 Rxc5 25.Rxc5 Rc8 26.Rxc8 Kxc8 27.Kg1 Kd7 28.Kf2 a5 29.Kg3 Ke7
30.Kh4 Bf1 31.g3 Be2 32.Kg5 Bf1 33.Bc2 Bg2 34.Bd1 Be4 35.a3 bxa3 36.bxa3 Bd3
37.Kh6 Bf5 38.h4 Bh3 39.Kg5 Bf5 40.Bxh5 gxh5 41.Kxh5 Kf8 42.g4 Be4 43.Kh6 Bf3
44.Kg5 Kg7 45.h5 Be2 46.f5 Bd1 47.h6+ Kh7 48.fxe6 fxe6 49.Kh5 Bxg4+ 50.Kxg4 Kxh6
51.a4 Kg6 52.Kh4 Kf5 53.Kh5 Ke4 54.Kg6 Kxd4 55.Kf6 Kc3 56.Kxe6 d4 57.Kf6 d3
58.e6 d2 59.e7 d1=Q 60.e8=Q Qd4+ 61.Kf5 Kb3 62.Qb5+ Qb4 63.Ke5 Ka3 64.Qxb4+ Kxb4
65.Kd4  1/2-1/2

[Event "ch-IRL"]
[Site "Dublin IRL"]
[Date "2005.07.11"]
[Round "3"]
[White "Murray,D"]
[Black "Jessel,S"]
[Result "0-1"]
[WhiteElo "1985"]
[BlackElo "2285"]

1.e4 e6 2.d4 d5 3.Nc3 Nf6 4.e5 Nfd7 5.Nf3 c5 6.dxc5 Nc6 7.Bf4 Bxc5 8.Bd3 f6
9.Qe2 fxe5 10.Nxe5 Ndxe5 11.Bxe5 Nxe5 12.Qxe5 O-O 13.f4 Bd6 14.Qh5 g6 15.Bxg6 Qe7
16.Bd3 Rxf4 17.g3 Rf6 18.O-O-O Bd7 19.g4 Qf7 20.Qh4 Rf8 21.g5 Rf2 22.Kb1 Qg7
23.g6 hxg6 24.Rhg1 Be8 25.Qg4 R2f6 26.h4 Bf4 27.Rg2 Qh6 28.Rdg1 Kh8 29.Qd1 Be3
30.Re1 Bf7 31.Qe2 Bf4 32.Rg4 a6 33.Reg1 e5 34.Nxd5 Bxd5 35.Rxg6 Rxg6 36.Rxg6 Qxh4
37.Rg1 Rg8 38.Rf1 Rg2 39.Qd1 Rd2 40.Qe1 Qxe1+ 41.Rxe1 Rh2  0-1

[Event "ch-SWE"]
[Site "Goeteborg SWE"]
[Date "2005.07.11"]
[Round "9"]
[White "Berg,E"]
[Black "Brynell,S"]
[Result "1/2-1/2"]
[WhiteElo "2539"]
[BlackElo "2484"]

1.e4 e6 2.d4 d5 3.Nc3 Nf6 4.e5 Nfd7 5.f4 c5 6.Nf3 Nc6 7.Be3 cxd4 8.Nxd4 Bc5
9.Qd2 O-O 10.O-O-O a6 11.Kb1 Nxd4 12.Bxd4 b5 13.Bxc5 Nxc5 14.Qd4 Qb6 15.Bd3 b4
16.Ne2 a5 17.f5 exf5 18.Nf4 Be6 19.Nh5 Na4 20.Qf4 Nc3+ 21.Ka1 Nxd1 22.Qg5 g6
23.Nf6+ Kg7 24.Nh5+ Kg8 25.Qh6  1/2-1/2

[Event "2nd S Wales Int"]
[Site "Caerleon WLS"]
[Date "2005.07.12"]
[Round "6"]
[White "Jones,RS"]
[Black "Cobb,C"]
[Result "0-1"]
[WhiteElo "2325"]
[BlackElo "2405"]

1.e4 e6 2.d4 d5 3.Nc3 Nf6 4.e5 Nfd7 5.f4 c5 6.Nce2 Nc6 7.Nf3 b5 8.a3 Rb8
9.dxc5 Bxc5 10.Ned4 Ndxe5 11.Nxe5 Nxe5 12.Nb3 Bb6 13.Bxb5+ Bd7 14.Bxd7+ Nxd7
15.Qe2 Qf6 16.a4 a5 17.Be3 Qxb2 18.O-O O-O 19.Bxb6 Rxb6 20.Nxa5 Ra8 21.Qd2 Qb4
22.Qxb4 Rxb4 23.Nc6 Rc4 24.Ne5 Nxe5 25.fxe5 Rcxa4 26.Rab1 R4a7 27.Rf2 Rc7
28.h3 h6 29.Rb2 Ra1+ 30.Kh2 Re1 31.Rb8+ Kh7 32.Rf8 Kg6 33.h4 Rxe5 34.g4 Kh7
35.h5 Re3 36.Kg2 Rec3 37.R8xf7 Rxf7 38.Rxf7 Rxc2+ 39.Kf3 Rc3+ 40.Kf4 Rc4+  0-1

[Event "2nd S Wales Int"]
[Site "Caerleon WLS"]
[Date "2005.07.14"]
[Round "8"]
[White "Allicock,R"]
[Black "Cobb,C"]
[Result "0-1"]
[WhiteElo "2303"]
[BlackElo "2405"]

1.e4 e6 2.d4 d5 3.Nc3 Nf6 4.e5 Nfd7 5.f4 c5 6.dxc5 Bxc5 7.Qg4 O-O 8.Nf3 f5
9.Qh3 Nb6 10.Bd3 Nc6 11.a3 Nd4 12.Nxd4 Bxd4 13.Ne2 Bc5 14.b4 Be7 15.g4 a5
16.Rg1 axb4 17.gxf5 Bh4+ 18.Kd1 exf5 19.Be3 Rxa3 20.Rb1 Nc4 21.Bc5 Be7 22.Qh6 Rf7
23.Bd4 Qf8 24.e6 Rf6 25.Bxf6 Bxf6 26.Kc1 Kh8 27.Qh5 Bxe6 28.Ng3 g6 29.Qe2 Bf7
30.Rd1 Qd6 31.Qf2 Rc3 32.Ne2 Qa6 33.Bxc4 Rxc4 34.Rd3 Qa2 35.Nd4 Kg8 36.Qd2 Qa7
37.Rxb4 Rxd4 38.Rdxd4 Qa1+ 39.Rb1 Qxd4 40.Qxd4 Bxd4 41.Rxb7  0-1

[Event "57th ch-Montenegro"]
[Site "Cetinje SCG"]
[Date "2005.07.15"]
[Round "8"]
[White "Miljanic,B"]
[Black "Kalezic,B"]
[Result "1/2-1/2"]
[WhiteElo "2435"]
[BlackElo "2448"]

1.e4 e6 2.d4 d5 3.Nc3 Nf6 4.e5 Nfd7 5.f4 c5 6.Nf3 Nc6 7.Be3 cxd4 8.Nxd4 Bc5
9.Qd2 a6 10.O-O-O Nxd4  1/2-1/2

[Event "inAUTOmarket Open"]
[Site "Minsk BLR"]
[Date "2005.07.18"]
[Round "9"]
[White "Zhigalko,A"]
[Black "Danin,A"]
[Result "1-0"]
[WhiteElo "2526"]
[BlackElo "2386"]

1.e4 e6 2.d4 d5 3.Nc3 Nf6 4.e5 Nfd7 5.f4 c5 6.Nf3 Nc6 7.Be3 cxd4 8.Nxd4 Bc5
9.Qd2 O-O 10.g3 a6 11.Bg2 Nxd4 12.Bxd4 b5 13.Ne2 a5 14.a3 Qc7 15.O-O Ba6
16.b4 axb4 17.axb4 Bxd4+ 18.Nxd4 Nb6 19.f5 Bc8 20.f6 gxf6 21.exf6 Kh8 22.Nxb5 Qe5
23.Rae1 Qh5 24.Nd6 Ra2 25.Re5 Rxc2 26.Qf4 Qg6 27.Rg5 e5 28.Qxe5 Re2 29.Qxe2 Qxg5
30.Qe7 Qg8 31.Qc7 Nc4 32.Nxc4 dxc4 33.Qxc4 Be6 34.Qh4 Rc8 35.Qh6 Rb8 36.Rd1 Qg6
37.Qxg6 fxg6 38.Rd4 Rb6 39.g4 g5 40.Rd8+  1-0

[Event "Accentus Ladies"]
[Site "Biel SUI"]
[Date "2005.07.19"]
[Round "3"]
[White "Korbut,E"]
[Black "Sedina,E"]
[Result "1-0"]
[WhiteElo "2409"]
[BlackElo "2402"]

1.e4 e6 2.d4 d5 3.Nc3 Nf6 4.e5 Nfd7 5.f4 c5 6.Nf3 Nc6 7.Be3 a6 8.Qd2 b5 9.dxc5 Bxc5
10.O-O-O Qb6 11.Bxc5 Nxc5 12.Bd3 b4 13.Ne2 b3 14.cxb3 Nb4 15.Bb1 Bd7 16.Nc3 Rc8
17.Nd4 Ne4 18.Bxe4 Nxa2+ 19.Kc2 dxe4 20.Nf5 Bb5 21.Nd6+ Kf8 22.Nxb5 axb5
23.Qd4 Qa5 24.Ra1 Nb4+ 25.Kd2 Qd8 26.Qxd8+ Rxd8+ 27.Ke2 Nd5 28.g3 Nxc3+ 29.bxc3 f5
30.Rhd1 Kf7 31.Ra7+ Kg6 32.Rda1 Rc8 33.Re7 Rxc3 34.Raa7 Rg8 35.Rxe6+ Kh5
36.Rd6 Rxb3 37.e6 Rc8 38.Rxg7 h6 39.Rd2 Re8 40.Rd5 Rb2+ 41.Kd1 Rf8 42.e7  1-0

[Event "Open A"]
[Site "Chojnice POL"]
[Date "2005.07.19"]
[Round "5"]
[White "Jacek,K"]
[Black "Krasiewicz,R"]
[Result "0-1"]
[WhiteElo "1835"]
[BlackElo "2009"]

1.e4 e6 2.d4 d5 3.Nc3 Nf6 4.e5 Nfd7 5.f4 c5 6.Be3 Qb6 7.Na4 Qa5+ 8.c3 cxd4
9.b4 Qc7 10.Bxd4 Nc6 11.Nf3 a6 12.Rc1 b5 13.Nb2 Nxd4 14.Nxd4 Nb6 15.Bd3 Bd7
16.O-O Be7 17.Kh1 g6 18.Qf3 Rc8 19.a3 Nc4 20.Nxc4 bxc4 21.Bc2 a5 22.Ra1 Ra8
23.Rfb1 O-O 24.Qg3 Kh8 25.Nf3 Qa7 26.Qe1 Rfb8 27.Qd2 Bd8 28.a4 Bb6 29.Qe1 Bf2
30.Qd1 Be3 31.g3 axb4 32.cxb4 Bc6 33.b5 Bb7 34.a5 d4 35.b6 Qa6 36.Ba4 Bxf3+
37.Qxf3 Qxa5 38.Bc6 Qxa1 39.Rxa1 Rxa1+ 40.Kg2 Rxb6 41.Be4 Rb2+ 42.Kh3 Raa2
43.Bb7 Rxh2+ 44.Kg4 h5+ 45.Kg5 Kg7 46.Qc6 Rag2 47.Qxg2 Rxg2 48.Bxg2 d3 49.Be4 Bf2
50.Kh4 f5 51.exf6+ Kxf6 52.Kh3 g5 53.Kg2 Be1 54.Kf3 g4+ 55.Kg2 Ke7 56.Bg6 Kd6  0-1

[Event "Iranian Super League"]
[Site "Iran IRI"]
[Date "2005.07.21"]
[Round "6"]
[White "Soozankar,A"]
[Black "Daneshpour,SH"]
[Result "1-0"]
[WhiteElo "2273"]
[BlackElo "2161"]

1.e4 e6 2.d4 d5 3.Nc3 Nf6 4.e5 Nfd7 5.f4 c5 6.Nf3 Nc6 7.Be3 cxd4 8.Nxd4 Qb6
9.Qd2 Qxb2 10.Rb1 Qa3 11.Bb5 Ndb8 12.O-O Bb4 13.Rb3 Qa5 14.f5 exf5 15.Nxf5 Bxf5
16.Rxf5 Bxc3 17.Qxc3 Qxc3 18.Rxc3 Ke7 19.e6 Kxe6 20.Rf4 f6 21.Bc5 Ne5 22.Re3 Rc8
23.Bd4 Rxc2 24.Bd3 Rc1+ 25.Kf2 Nc6 26.Bb2 Rd1 27.Bxh7 Rd2+ 28.Re2 Rxe2+ 29.Kxe2 g6
30.Bxg6 Ne7 31.Bc2 b5 32.h4 a5 33.h5 Rc8 34.Bd3 Rg8 35.Bxb5 Rxg2+ 36.Rf2 Rg4
37.Bc3 Nf5 38.Bxe5 Kxe5 39.Rxf5+ Ke6 40.Rf2 f5 41.Bd3 f4 42.h6 Rh4 43.h7 Ke5
44.Rg2 Kd4 45.Rg8 Rh2+ 46.Kf3 Kxd3 47.h8=Q Rxh8 48.Rxh8 Kc3 49.Rb8 d4 50.Kxf4 a4
51.Ke4 d3 52.Ke3 Kc2 53.Rc8+ Kb2 54.Kxd3 Kxa2 55.Kc2  1-0

[Event "Open A"]
[Site "Pardubice CZE"]
[Date "2005.07.22"]
[Round "1"]
[White "Bus,D"]
[Black "Cernousek,L"]
[Result "0-1"]
[WhiteElo "2202"]
[BlackElo "2375"]

1.e4 e6 2.d4 d5 3.Nc3 Nf6 4.e5 Nfd7 5.f4 c5 6.Nf3 Nc6 7.Ne2 b5 8.a4 b4 9.Be3 Ba6
10.dxc5 Nxc5 11.Ned4 Nxd4 12.Bxd4 Bxf1 13.Rxf1 Be7 14.Kf2 Qd7 15.b3 Rc8 16.Kg1 Ne4
17.Nd2 Nc3 18.Qg4 g6 19.Rf2 Rc7 20.Qf3 h5 21.Qd3 Qc8 22.Nf1 Ne4 23.Re2 a6
24.Ne3 Rc6 25.Rf1 Nc3 26.Ref2 Kd7 27.Kh1 Rd8 28.Rf3 Qa8 29.h3 h4 30.Kh2 Rdc8
31.Re1 R8c7 32.Kh1 Ne4 33.Kh2 Ng3 34.Rf2 Qc8 35.Rd1 Ke8 36.Rc1 Rc3 37.Bxc3 Rxc3
38.Qd1 Rxe3 39.Rf3 Qc3 40.Rf2 Ne4 41.Rf3 Bc5 42.Qf1 Nd2  0-1

[Event "Open Dutch Championship"]
[Site "Dieren NED"]
[Date "2005.07.27"]
[Round "2"]
[White "Swinkels,J"]
[Black "Gouw,C"]
[Result "0-1"]
[WhiteElo "2046"]
[BlackElo "2164"]

1.e4 e6 2.d4 d5 3.Nc3 Nf6 4.e5 Nfd7 5.f4 c5 6.Nf3 Nc6 7.Be3 cxd4 8.Nxd4 Bc5
9.Qd2 a6 10.Be2 O-O 11.O-O-O Nxd4 12.Bxd4 b5 13.Bf3 Qb6 14.Rhe1 Nb8 15.Bxc5 Qxc5
16.f5 exf5 17.Nxd5 Ra7 18.Qg5 Kh8 19.g4 h6 20.Qh5 fxg4 21.Bxg4 Be6 22.Bf3 Nc6
23.Qh4 Rd7 24.Qe4 Rfd8 25.Nc3 Rxd1+ 26.Bxd1 Nd4 27.Kb1 Rc8 28.Qg2 Bf5 29.a3 b4
30.axb4 Qxb4 31.Rg1 Bg6 32.Nd5 Qf8 33.Nf4 Bxc2+ 34.Bxc2 Rxc2 35.Qe4 Rxb2+
36.Kxb2 Qb4+  0-1